| 000 | 00000nam##2200000za#4500 |
| 001 | 9.603901 |
| 003 | CaOODSP |
| 005 | 20210624211314 |
| 007 | cr ||||||||||| |
| 008 | 150406|2000||||xxc|||||o f|0| 0 fre|d |
| 040 | |aCaOODSP|bfre |
| 043 | |an-cn--- |
| 086 | 1 |aNH15-350/2000F-PDF |
| 110 | 2 |aSociété canadienne d'hypothèques et de logement. |
| 245 | 13|aLe logement-services pour les aînés / |h[ressource électronique]|crégigé pour la Société canadienne d'hypothèques et de logement par Social Data Research Ltd. ; réalisation : SCHL. |
| 260 | |aOttawa - Ontario : |bSociété canadienne d'hypothèques et de logement |cc2000, réimprimé 2005. |
| 300 | |a71p.|bfigures, références, photographies |
| 490 | 1 |aRapport de recherche. Série sur les besoins particuliers de logement |
| 500 | |aLe nº de catalogue (NH15-350/2000F) et l'ISBN (0-662-96306-X) de l'édition imprimée ont été incorrectement copiés dans cette édition électronique. |
| 590 | |a12-21-Supp|b2012-05-18 |
| 775 | 08|tSupportive housing for seniors / |w(CaOODSP)9.573931 |
| 830 | #0|aRapport de recherche. Série sur les besoins particuliers de logement.|w(CaOODSP)9.501640 |
| 856 | 40|ahttp://publications.gc.ca|qPDF|s1.34 Mo|uhttps://publications.gc.ca/collections/collection_2012/schl-cmhc/NH15-350-2000-fra.pdf |
| 986 | |a62071 |